000 00432nam a2200145 i 4500
001 42943
003 ES-MaACL
005 20230906160715.0
007 t|
008 030314s1971 sp ||||1| spa d
245 0 0 _aCentro de investigaciones literarias de la Casa de las Américas
_b: interrogando a Lezama Lima.
260 _a[Barcelona] :
_bAnagrama,
_c[1971]
300 _a76 p. ;
_c18 cm.
852 _aES-MaACL
_jC-48679
_bR.80211
999 _c42943
_d42943